000 01034nam a2200265Ia 4500
003 OSt
005 20221005105609.0
006 a|||||r|||| 00| 0
007 ta
008 221004b |||||||| |||| 00| 0 san d
020 _a9789382091615 (hbk)
_c100
024 _a13678
037 _b331, 08/02/2014, Eastern Book Linkers
_cTextual
040 _aCRL
_cCRL
_bsan
041 _2san
_asan
082 _aR64:g(P), 152Q3
100 _aझा, किशोरनाथ
245 0 _aमीमांसा के पारिभाड्ढिक पदों का परिचय
246 _aMīmāansā ke pāribhāḍḍhik padoan kā parichaya
260 _aनई दिल्ली
_bराष्ट्रिय संस्कृत संस्थान भारत
_c2013
300 _a95पृ0
_ccm.
650 _aभारतीय दर्शन
942 _hR64:g(P), 152Q3
_cTEXL
_2cc
999 _c1016295
_d1016295